Responses for Show #2728 - Wednesday, June 12, 1996

Contestants

[<< previous game]

Lee Karjala, a commercial photographer from Anaheim, California

Bill Cash, a claims attorney from Branford, Connecticut

Barb Cornell, a registered nurse from Eugene, Oregon (whose 1-day cash winnings total $1,199)

[next game >>]

Jeopardy! Round responses

1983
HINTS FROM HELOISE
MUSICAL THEATRE
U.S. GEOGRAPHY
BOYS TOWN
COMPLETES THE PROVERB
    $100 11
Rev. Jesse Jackson

Lee
    $100 16
mirrors

Barb
    $100 1
Man of La Mancha

Barb
    $100 6
California

Bill
    $100 26
Mother Teresa

Lee
    $100 21
a penny earned

Barb
    $200 12
Apple Computer

Lee
    $200 17
shoelaces

Barb
    $200 2
Rodgers & Hammerstein

Barb
    $200 7
the Missouri & Mississippi Rivers

Barb
    $200 27
he's my brother

Barb
    $200 22
but you can't make him drink

Barb
    $300 13
AT&T

Lee
    $300 18
cookies

Lee
    $300 3
Fiddler on the Roof

Barb
    $300 8
the Great Smoky Mountains

Bill
    $300 28
Abbott & Costello

Bill
    $300 23
twice shy

Lee
    $400 14
(Barb: What is Cleveland?)

Detroit

BarbBill
    $400 19
wishbone

Barb
    $400 4
Brigadoon

Lee
    $400 9
New Hampshire

Lee
    $400 29
Omaha

Bill
    $400 24
until the fat lady sings

Barb
    $500 15
Benigno Aquino

Lee
    $500 20
(Barb: What is a soda can?)

zipper

Barb
Triple Stumper
    $500 5
Carol Burnett

Barb
    $800 10
Lake Huron

Lee
    $500 30
Mickey Rooney

Lee
    $500 25
forgotten

Lee

Scores at the first commercial break (after clue 15):

Barb Bill Lee
$900 $800 $2,700

Scores at the end of the Jeopardy! Round:

Barb Bill Lee
$2,000 $1,500 $4,400

Double Jeopardy! Round responses

INCARCERATED AUTHORS
SCIENCE & NATURE
WINE
THE AMERICAN REVOLUTION
ACTRESSES
ETHIOPIA
    $200 1
Dostoyevsky

Lee
    $200 11
African violet

Bill
    $200 26
Francis Ford Coppola

Lee
    $200 16
Rhode Island

Bill
    $200 6
Sharon Stone

Barb
    $200 21
Haile Selassie

Lee
    $400 2
Dublin

Bill
    $400 12
skunks

Bill
    $400 27
non-vintage

Triple Stumper
    $400 17
Cornwallis

Barb
    $400 7
Mary Steenburgen

Bill
    $400 22
Abyssinian

Barb
    $600 3
O. Henry

Barb
    $600 13
sugar maple

Lee
    $600 28
(Lee: What is Germany?)

Israel

BillLee
    $600 18
John Paul Jones

Lee
    $600 8
Vanessa Redgrave

Barb
    $600 23
(Barb: What is Rastafarianism?)
(Lee: What is Islam?)

Judaism

BarbBillLee
    $800 4
Alexsandr Solzhenitsyn

Barb
    $2,600 14
trade winds

Lee
    $800 29
Chianti

Bill
    $800 19
Trenton

Lee
    $800 9
(Lee: Who was Liv Ullmann?)

Greta Garbo

BarbLee
    $800 24
Henry Morton Stanley

Bill
    $1000 5
Oscar Wilde

Barb
    $1000 15
Max Planck

Lee
    $1000 30
Portugal

Lee
    $1000 20
Molly Pitcher

Bill
    $1000 10
Lana Turner

Barb
    $2,500 25
Eritrea

Bill

Scores at the end of the Double Jeopardy! Round:

Barb Bill Lee
$7,200 $9,400 $9,600

[wagering suggestions for these scores]

Final Jeopardy! Round responses

THE WINTER OLYMPICS
BarbWho are Scott ----- ^
$2,800
BillWho are Boitano & Hamilton?
$9,290
LeeWho is Hamilton &
$9,201
Scott Hamilton (1984) & Brian Boitano (1988)

Final scores:

Barb Bill Lee
$4,400 $18,690 $399
2nd place: Trip to 1996 Summer Olympic Games in Atlanta New champion: $18,690 3rd place: Pair of Jules Jurgensen watches

Game dynamics:

Coryat scores:

Barb Bill Lee
$7,200 $7,900 $7,500
21 R,
3 W
16 R
(including 1 DD),
0 W
21 R
(including 2 DDs),
3 W

Combined Coryat: $22,600

[game clues] [game scores] [suggest correction]

Game tape date: 1996-02-06
The J! Archive is created by fans, for fans. Scraping, republication, monetization, and malicious use prohibited; this site may use cookies and collect identifying information. See terms. The Jeopardy! game show and all elements thereof, including but not limited to copyright and trademark thereto, are the property of Jeopardy Productions, Inc. and are protected under law. This website is not affiliated with, sponsored by, or operated by Jeopardy Productions, Inc. Join the discussion at JBoard.tv.